Le plus gros achat de chaque club de Premier League - Statistiques

Statistiques générales
  • Ce quiz a été pris 74 fois
  • Le résultat moyen est 7 sur 20
Statistiques - réponses
Saison Prix Club Joueur % Correct
2025-26 125 Liverpool Florian Wirtz
93%
2021-22 117.50 Manchester City Jack Grealish
82%
2023-24 116.60 Arsenal Declan Rice
81%
2022-23 121 Chelsea Enzo Fernandez
81%
2016-17 105 Manchester United Paul Pogba
81%
2022-23 70 Newcastle Alexander Isak
79%
2024-25 64.30 Tottenham Dominik Solanke
41%
2024-25 59.35 Aston Villa Amadou Onana
26%
2023-24 50 Wolves Matheus Cunha
24%
2019-20 50 West Ham Sébastien Haller
18%
2024-25 46.70 Brighton Georginio Rutter
15%
2022-23 40.50 Leeds Georginio Rutter
15%
2025-26 31.50 Sunderland Habib Diarra
13%
2025-26 42.80 Brentford Dango Ouattara
10%
2017-18 49.40 Everton Gylfi Sigurdsson
9%
2025-26 28.70 Burnley Lesley Ugochukwu
7%
2024-25 37 Bournemouth Evanilson
6%
2016-17 31.20 Crystal Palace Christian Benteke
4%
2024-25 31.80 Fulham Emile Smith Rowe
4%
2025-26 43.40 Nottingham Forest Omari Hutchinson
3%
Aucun quiz correspondant
Distribution des résultats
% des personnes avec chaque résultat
Percentile par nombre de réponses
Votre historique - résultats
Vous n’avez pas pris ce quiz